| 000 | 00000nam##2200000za#4500 |
| 001 | 9.590377 |
| 003 | CaOODSP |
| 005 | 20210624200109 |
| 007 | cr ||||||||||| |
| 008 | 150406|2013||||xxc|||||o f|0| 0 eng|d |
| 020 | |a978-1-100-54879-1 |
| 040 | |aCaOODSP|beng |
| 041 | |aeng |
| 041 | |afre |
| 043 | |an-cn--- |
| 086 | 1 |aFR4-2013/32-PDF |
| 110 | 1 |aCanada.|bForeign Affairs, Trade and Development Canada. |
| 245 | 10|aChile / Commerce : |h[electronic resource]|bAgreement to amend the Free Trade Agreement between the Government of Canada and the Government of the Republic of Chile, done at Santiago on 5 December 1996, as amended, between the Government of Canada and the Government of the Republic of Chile, done at Santiago on 16 April 2012, in force: 30 September 2013 |
| 260 | |aOttawa - Ontario : |bForeign Affairs, Trade and Development Canada |cc2015. |
| 300 | |a266p. |
| 490 | 1 |aTreaty series|v2013/32 |
| 590 | |a15-10|b2015-03-06 |
| 690 | 07|aFree trade agreements|2gcpds |
| 792 | |tChili / Commerce : |efre|w(CaOODSP)9.590378 |
| 830 | #0|aTreaty series ;|v2013/32|w(CaOODSP)9.500661 |
| 856 | 40|ahttp://publications.gc.ca|qPDF|s854 KB|uhttps://publications.gc.ca/collections/collection_2015/maecd-dfatd/FR4-2013-32.pdf|y2013/32 |